Kompendium der Wirtschaftstheorie und Wirtschaftspolitik I
| Titel: | Kompendium der Wirtschaftstheorie und Wirtschaftspolitik I : Mikroökonomik / herausgegeben von Thomas Apolte, Mathias Erlei, Matthias Göcke, Roland Menges, Notburga Ott, André Schmidt |
|---|---|
| Beteiligt: | ; ; ; ; ; |
| Ausgabe: | 1st ed. 2019 |
| Veröffentlicht: | Wiesbaden : Springer Fachmedien Wiesbaden, 2019 |
| Umfang: | 1 Online-Ressource (XV, 718 Seiten) : 166 Abb. |
| Format: | E-Book |
| Sprache: | Deutsch |
| RVK-Notation: |
·
|
| Andere Ausgaben: |
Erscheint auch als Druck-Ausgabe: Kompendium der Wirtschaftstheorie und Wirtschaftspolitik I. - Wiesbaden : Springer Fachmedien Wiesbaden, 2019
|
| ISBN: | 9783658217778 ; 3658217774 ; 978--365821776-1 |
| Hinweise zum Inhalt: |
Inhaltsverzeichnis
Ausführliche Beschreibung |
alg: 44706206 001A $06055:01-04-19 001B $06055:01-12-25 $t03:52:10.000 001D $06055:01-04-19 001U $0utf8 001X $00 002@ $0Oax 002C $aText $btxt $2rdacontent 002D $aComputermedien $bc $2rdamedia 002E $aOnline-Ressource $bcr $2rdacarrier 003@ $0447062069 004A $A978-3-658-21777-8 004A $03-658-21777-4 004E/04 $0SpringerNature-11775 $fSubject Collection Business and Economics (German Language) 004O $A978---365821776-1 $Sp 004P $010.1007/978-3-658-21777-8 $SV880 007A $0447062069 $aHEB 007I $0Springer978-3-658-21777-8 009P $qtext/html $3Inhaltsverzeichnis $uhttp://scans.hebis.de/HEBCGI/show.pl?44706206_toc.html $mX:DE-He213 009P $qtext/html $3Ausführliche Beschreibung $uhttp://scans.hebis.de/HEBCGI/show.pl?44706206_aub.html $mX:DE-He213 009Q $SV880 $uhttps://doi.org/10.1007/978-3-658-21777-8 $xR 010@ $ager 010E $erda 011@ $a2019 017B $aZDB-2-SWI 021A $aKompendium der Wirtschaftstheorie und Wirtschaftspolitik I $dMikroökonomik $hherausgegeben von Thomas Apolte, Mathias Erlei, Matthias Göcke, Roland Menges, Notburga Ott, André Schmidt 028C $aApolte $BHerausgeber $dThomas $4edt 028C $aErlei $BHerausgeber $dMathias $4edt 028C $aGöcke $BHerausgeber $dMatthias $4edt 028C $aMenges $BHerausgeber $dRoland $4edt 028C $aOtt $BHerausgeber $dNotburga $4edt 028C $aSchmidt $BHerausgeber $dAndré $4edt 032@ $a1st ed. 2019 033A $pWiesbaden $nSpringer Fachmedien Wiesbaden 033E $pCham $nSpringer International Publishing AG 034D $a1 Online-Ressource (XV, 718 Seiten) 034M $a166 Abb. 039D $aErscheint auch als $tKompendium der Wirtschaftstheorie und Wirtschaftspolitik I $dWiesbaden $eSpringer Fachmedien Wiesbaden $f2019 $z978-3-658-21776-1 $nDruck-Ausgabe 044A $aMicroeconomics $S#0 $N650 044A $aMacroeconomics $S#0 $N650 044A $aInternational economic relations $S#0 $N650 044A $aMicroeconomics $S14 $N650 044A $aMacroeconomics and Monetary Economics $S24 $N650 044A $aInternational Economics $S24 $N650 044K $RWirtschaftstheorie $RVolkswirtschaftslehre $#Microeconomics $#Microéconomie $#Microeconomía $#Mikroökonomik $#Mikroökonomie $#Mikroökonomie $#Mikroökonomik $74039225-9 $8Mikroökonomie [Ts1] $9085106909 045B $a338.5 $eDDC23eng 045Z $8QC 000 [Tkv] $9411124285 045Z $8QC 072 [Tkv] $9411124358 lok: 44706206 3 101B $003-05-19 $t08:27:34.000 101C $003-05-19 101U $0utf8 145S/01 $a008 exp: 44706206 3 1 #EPN 201B/01 $003-05-19 $t08:27:34.000 201C/01 $001-04-19 201U/01 $0utf8 203@/01 $01049033833 204P/01 $010.1007/978-3-658-21777-8 $SV880 208@/01 $a01-04-19 $bl 209B/01 $a502 $x05 lok: 44706206 5 exp: 44706206 5 1 #EPN 201B/01 $001-04-19 $t23:45:46.000 201C/01 $001-04-19 201U/01 $0utf8 203@/01 $01049033841 204P/01 $010.1007/978-3-658-21777-8 $SV880 208@/01 $a01-04-19 $bl lok: 44706206 8 exp: 44706206 8 1 #EPN 201B/01 $001-04-19 $t22:42:29.681 201C/01 $001-04-19 201U/01 $0utf8 203@/01 $0104903385X 204P/01 $010.1007/978-3-658-21777-8 $SV880 208@/01 $a01-04-19 $bl lok: 44706206 10 exp: 44706206 10 1 #EPN 201B/01 $001-04-19 $t22:42:29.683 201C/01 $001-04-19 201U/01 $0utf8 203@/01 $01049033868 204P/01 $010.1007/978-3-658-21777-8 $SV880 208@/01 $a01-04-19 $bl lok: 44706206 11 exp: 44706206 11 1 #EPN 201B/01 $001-04-19 $t22:42:29.686 201C/01 $001-04-19 201U/01 $0utf8 203@/01 $01049033876 204P/01 $010.1007/978-3-658-21777-8 $SV880 208@/01 $a01-04-19 $bl lok: 44706206 20 exp: 44706206 20 1 #EPN 201B/01 $001-04-19 $t22:42:29.690 201C/01 $001-04-19 201U/01 $0utf8 203@/01 $01049033884 204P/01 $010.1007/978-3-658-21777-8 $SV880 208@/01 $a01-04-19 $bl lok: 44706206 21 exp: 44706206 21 1 #EPN 201B/01 $001-04-19 $t22:42:29.692 201C/01 $001-04-19 201U/01 $0utf8 203@/01 $01049033892 204P/01 $010.1007/978-3-658-21777-8 $SV880 208@/01 $a01-04-19 $bl lok: 44706206 23 exp: 44706206 23 1 #EPN 201B/01 $001-04-19 $t22:42:29.694 201C/01 $001-04-19 201U/01 $0utf8 203@/01 $01049033906 204P/01 $010.1007/978-3-658-21777-8 $SV880 208@/01 $a01-04-19 $bl lok: 44706206 25 exp: 44706206 25 1 #EPN 201B/01 $013-12-19 $t17:31:15.000 201C/01 $001-04-19 201U/01 $0utf8 203@/01 $01049033914 204P/01 $010.1007/978-3-658-21777-8 $SV880 208@/01 $a01-04-19 $bl 209A/01 $a000 28D 006-1 $h28D 006-1 $x01 lok: 44706206 49 exp: 44706206 49 1 #EPN 201B/01 $001-04-19 $t22:42:29.700 201C/01 $001-04-19 201U/01 $0utf8 203@/01 $01049033922 204P/01 $010.1007/978-3-658-21777-8 $SV880 208@/01 $a01-04-19 $bl lok: 44706206 204 exp: 44706206 204 1 #EPN 201B/01 $001-04-19 $t22:42:29.704 201C/01 $001-04-19 201U/01 $0utf8 203@/01 $01049033930 204P/01 $010.1007/978-3-658-21777-8 $SV880 208@/01 $a01-04-19 $bl lok: 44706206 205 exp: 44706206 205 1 #EPN 201B/01 $010-07-19 $t14:50:01.000 201C/01 $001-04-19 201U/01 $0utf8 203@/01 $01049033949 204P/01 $010.1007/978-3-658-21777-8 $SV880 208@/01 $a01-04-19 $bla 209B/01 $aebo $x05 209B/01 $aspw $x06 209C/01 $anel1907qa
| LEADER | 00000cam a22000002c 4500 | ||
|---|---|---|---|
| 001 | 447062069 | ||
| 003 | DE-603 | ||
| 005 | 20251201035210.0 | ||
| 007 | cr|||||||||||| | ||
| 008 | 190401s2019 xx |||| o| u00||u|ger c | ||
| 020 | |a 9783658217778 | ||
| 020 | |a 3658217774 | ||
| 024 | 7 | |a 10.1007/978-3-658-21777-8 |2 doi | |
| 028 | 5 | 2 | |a SpringerNature-11775 |
| 035 | |a (DE-599)HEB447062069 | ||
| 040 | |a DE-603 |b ger |c DE-603 |d DE-603 |e rda | ||
| 041 | |a ger | ||
| 082 | 7 | |a 338.5 |2 23/eng | |
| 084 | |a QC 000 |0 (DE-625)141235: |0 (DE-603)411124285 |2 rvk | ||
| 084 | |a QC 072 |0 (DE-625)141242: |0 (DE-603)411124358 |2 rvk | ||
| 245 | 0 | 0 | |a Kompendium der Wirtschaftstheorie und Wirtschaftspolitik I |b Mikroökonomik |c herausgegeben von Thomas Apolte, Mathias Erlei, Matthias Göcke, Roland Menges, Notburga Ott, André Schmidt |
| 250 | |a 1st ed. 2019 | ||
| 264 | 1 | |a Wiesbaden |b Springer Fachmedien Wiesbaden |c 2019 | |
| 264 | 2 | |a Cham |b Springer International Publishing AG | |
| 300 | |a 1 Online-Ressource (XV, 718 Seiten) |b 166 Abb. | ||
| 336 | |a Text |b txt |2 rdacontent | ||
| 337 | |a Computermedien |b c |2 rdamedia | ||
| 338 | |a Online-Ressource |b cr |2 rdacarrier | ||
| 650 | 7 | |a Mikroökonomie |0 (DE-588)4039225-9 |0 (DE-603)085106909 |2 gnd | |
| 700 | 1 | |a Apolte, Thomas |e Herausgeber |4 edt | |
| 700 | 1 | |a Erlei, Mathias |e Herausgeber |4 edt | |
| 700 | 1 | |a Göcke, Matthias |e Herausgeber |4 edt | |
| 700 | 1 | |a Menges, Roland |e Herausgeber |4 edt | |
| 700 | 1 | |a Ott, Notburga |e Herausgeber |4 edt | |
| 700 | 1 | |a Schmidt, André |e Herausgeber |4 edt | |
| 776 | 0 | 8 | |i Erscheint auch als |n Druck-Ausgabe |t Kompendium der Wirtschaftstheorie und Wirtschaftspolitik I |d Wiesbaden : Springer Fachmedien Wiesbaden, 2019 |z 9783658217761 |
| 776 | 1 | |z 978--365821776-1 | |
| 856 | |u https://doi.org/10.1007/978-3-658-21777-8 |x Resolving-System | ||
| 856 | 4 | 2 | |m X:DE-He213 |q text/html |u http://scans.hebis.de/HEBCGI/show.pl?44706206_toc.html |3 Inhaltsverzeichnis |
| 856 | 4 | 2 | |m X:DE-He213 |q text/html |u http://scans.hebis.de/HEBCGI/show.pl?44706206_aub.html |3 Ausführliche Beschreibung |
| 912 | |a ZDB-2-SWI | ||
| 924 | 1 | |9 603 |a (DE-603)1049033833 |b DE-603 |c HES |d d | |
| 924 | 1 | |9 603 |a (DE-603)1049033841 |b DE-603 |c HES |d d | |
| 924 | 1 | |9 603 |a (DE-603)104903385X |b DE-603 |c HES |d d | |
| 924 | 1 | |9 603 |a (DE-603)1049033868 |b DE-603 |c HES |d d | |
| 924 | 1 | |9 603 |a (DE-603)1049033876 |b DE-603 |c HES |d d | |
| 924 | 1 | |9 603 |a (DE-603)1049033884 |b DE-603 |c HES |d d | |
| 924 | 1 | |9 603 |a (DE-603)1049033892 |b DE-603 |c HES |d d | |
| 924 | 1 | |9 603 |a (DE-603)1049033906 |b DE-603 |c HES |d d | |
| 924 | 1 | |9 603 |a (DE-603)1049033914 |b DE-603 |c HES |d d | |
| 924 | 1 | |9 603 |a (DE-603)1049033922 |b DE-603 |c HES |d d | |
| 924 | 1 | |9 603 |a (DE-603)1049033930 |b DE-603 |c HES |d d | |
| 924 | 1 | |9 603 |a (DE-603)1049033949 |b DE-603 |c HES |d d | |